LEADER 01217nam0 2200313 i 450 001 RAV0248222 005 20251003044328.0 010 $a8845307131 020 $aIT$b95-3751 100 $a20111216d1994 ||||0itac50 ba 101 | $aita 102 $ait 181 1$6z01$ai $bxxxe 182 1$6z01$an 200 1 $aMatematica per le applicazioni finanziarie$fGiovanni Longo, Claudia Battaglio$gsupervisione di Lorenzo Peccati 210 $a\Milano!$cETAS libri$d1994 215 $aXVIII, 232 p.$d22 cm. 606 $aMatematica finanziaria$xEsercizi$2FIR$3CFIC058530$9E 676 $a332.01$9$v12 676 $a332.0151$9ECONOMIA FINANZIARIA. PRINCIPĪ SCIENTIFICI. MATEMATICA$v23 676 $a650.01513$9DIREZIONE AZIENDALE E SERVIZI AUSILIARI. PRINCIPI SCIENTIFICI. ARITMETICA$v19 801 3$aIT$bIT-000000$c20111216 850 $aIT-BN0095 901 $bNAP 01$cM/S $n$ 912 $aRAV0248222 950 0$aBiblioteca Centralizzata di Ateneo$d 01M/S (AR) 23 721$e 01AR 0700237215 VMA A4 1 v.$fY $h20240126$i20240126 977 $a 01 996 $aMatematica per le applicazioni finanziarie$94402093 997 $aUNISANNIO